Kogo to numer - zagraniczny rap #3 - Statystyki

Ogólne statystyki
  • Ten quiz został rozwiązany 41 razy
  • Średni wynik to 6 z 10
Statystyki odpowiedzi
Hint Odpowiedź % Poprawnych
Father Stretch My Hands Pt. 1 Kanye West
83%
EARFQUAKE Tyler, The Creator
77%
Fuck Love XXXTENTACION
77%
Sundress A$AP Rocky
66%
Peso A$AP Rocky
66%
N95 Kendrick Lamar
63%
The Grinch Trippie Redd
63%
1400 / 999 Freestyle Trippie Redd
63%
The Way Life Goes Lil Uzi Vert
51%
Digits Young Thug
29%
Nie znaleziono quizów pasujących do podanych kryteriów
Rozkład punktacji
Procent ludzi z każdym wynikiem
Percentyl według liczby udzielonych odpowiedzi
Twoja historia wyników
Nie rozwiązałeś tego quizu